| 000 | 00466nam a2200145Ia 4500 | ||
|---|---|---|---|
| 008 | 231129s2008||||xx |||||||||||||| ||spa|| | ||
| 020 | _a978-958-98008-2-9 | ||
| 040 | _bspa | ||
| 082 | _a986.1062 T686L | ||
| 100 | _aToro Sánchez Edgar | ||
| 245 | 0 | _aEl liderazgo de Rafael Uribe Uribe la modernización de la nación y el estado | |
| 260 | _c2008 | ||
| 264 | _aFederación Nacional de Cafeteros de Colombia | ||
| 942 |
_2ddc _cBKS |
||
| 999 |
_c11585 _d11585 |
||